| 000 | 00503cam a2200181ua 4500 | ||
|---|---|---|---|
| 001 | 6670 | ||
| 008 | 140308n ii |||gr||||Z||||||eng | ||
| 040 | _cMAIN | ||
| 082 | _a336.24 | ||
| 245 |
_aHand book of Income Tax-law and practice _cBy B. Bhattacharyya |
||
| 250 | _a2nd rev & enl ed. | ||
| 260 |
_aCalcutta: _bIdeal book House, _c1973. |
||
| 300 | _ax,411p. | ||
| 653 | _aPublic finance | ||
| 653 | _aHand book of Income Tax-law and practice | ||
| 700 |
_aBhattacharyya,B., _eAuthor. |
||
| 942 | _cBK | ||
| 999 |
_c5819 _d5819 |
||